Normal view
MARC view
- Parker, Earl R. (Earl Randall)
Entry Personal Name
001 - CONTROL NUMBER
- control field: 101155
003 - CONTROL NUMBER IDENTIFIER
- control field: NUST
005 - DATE AND TIME OF LATEST TRANSACTION
- control field: 20221021182427.0
008 - FIXED-LENGTH DATA ELEMENTS
- fixed length control field: 221021|| aca||aabn | a|a d
040 ## - CATALOGING SOURCE
- Original cataloging agency: NUST
- Transcribing agency: NUST
100 ## - HEADING--PERSONAL NAME
- Personal name: Parker, Earl R. (Earl Randall)
670 ## - SOURCE DATA FOUND
- Source citation: Work cat.: (NUST)182823: Parker, Earl R. (Earl Randall), Materials data book for engineers and scientists, [1967]
